UBT Library

Toward a new psychology of women / (Record no. 47274)

000 -LEADER
fixed length control field 00582pam a2200229 a 4500
001 - CONTROL NUMBER
control field 4298771
005 - DATE AND TIME OF LATEST TRANSACTION
control field 20180823080434.0
008 - FIXED-LENGTH DATA ELEMENTS--GENERAL INFORMATION
fixed length control field 860904s1986 mau b 001 0 eng
010 ## - LIBRARY OF CONGRESS CONTROL NUMBER
LC control number 86047553
020 ## - INTERNATIONAL STANDARD BOOK NUMBER
International Standard Book Number 0807029106
020 ## - INTERNATIONAL STANDARD BOOK NUMBER
International Standard Book Number 0807029092 (pbk.)
040 ## - CATALOGING SOURCE
Original cataloging agency DLC
Transcribing agency DLC
Modifying agency DLC
041 ## - LANGUAGE CODE
Language code of text/sound track or separate title eng
080 ## - UNIVERSAL DECIMAL CLASSIFICATION NUMBER
Universal Decimal Classification number 155.633
082 00 - DEWEY DECIMAL CLASSIFICATION NUMBER
Classification number 155.633
Edition number 19
100 1# - Rafti
Rafti 48
101 ## - Shkurtesa
Shkurtesa psi
245 10 - TITLE STATEMENT
Title Toward a new psychology of women /
Statement of responsibility, etc Jean Baker Miller.
504 ## - BIBLIOGRAPHY, ETC. NOTE
Bibliography, etc Bibliography: p. 143-150.
906 ## - LOCAL DATA ELEMENT F, LDF (RLIN)
a 7
b cbc
c orignew
d 1
e ocip
f 19
g y-gencatlg
942 ## - ADDED ENTRY ELEMENTS (KOHA)
Source of classification or shelving scheme
Item type Books
Holdings
Withdrawn status Lost status Source of classification or shelving scheme Damaged status Not for loan Collection code Permanent location Current location Shelving location Date acquired Total Checkouts Full call number Barcode Date last seen Price effective from Koha item type
          Koleksioni i përgjithshem UBT - Lipjan UBT - Lipjan Koleksioni i përgjithshem 08/23/2018   155.633 MIL 002-3012141 08/23/2018 08/23/2018 Books
UBT Library © 2015-2024. All rights reserved University Education for Business and Technology